MODERN TELEVISION PRACTICE PRINCIPLES, TECHNOLOGY AND SERVICING 3RD ED (Record no. 55702)

MARC details
000 -LEADER
fixed length control field 00495pam a2200169 a 4500
020 ## - INTERNATIONAL STANDARD BOOK NUMBER
International Standard Book Number 978-81-224-1868-2
Terms of availability P.B.
041 ## - LANGUAGE CODE
Language code of text/sound track or separate title eng
082 ## - DEWEY DECIMAL CLASSIFICATION NUMBER
Classification number 621.388
Item number GUL
100 ## - MAIN ENTRY--PERSONAL NAME
Personal name GULATI R. R.
245 ## - TITLE STATEMENT
Title MODERN TELEVISION PRACTICE PRINCIPLES, TECHNOLOGY AND SERVICING 3RD ED
Medium Textual Documents
250 ## - EDITION STATEMENT
Edition statement 01-01-2008
260 ## - PUBLICATION, DISTRIBUTION, ETC.
Name of publisher, distributor, etc. NEW AGE INTERNTIONAL (P) LTD., NEW DELHI
300 ## - PHYSICAL DESCRIPTION
Extent XVI692
Dimensions 24*18
500 ## - GENERAL NOTE
General note 12950
653 ## - INDEX TERM--UNCONTROLLED
Uncontrolled term AUDIO VIDEO ENGINEERING (B.E.ELECTIVE-II)
930 ## - EQUIVALENCE OR CROSS-REFERENCE-UNIFORM TITLE HEADING [LOCAL, CANADA]
Uniform title 12479
Holdings
Withdrawn status Lost status Damaged status Not for loan Collection Home library Current library Shelving location Date acquired Source of acquisition Cost, normal purchase price Total Checkouts Full call number Barcode Date last seen Copy number Price effective from Koha item type
        EWP College of Engineering for Women, Pune College of Engineering for Women, Pune WE 27/12/2008 BHARATI MADHYA. SAHAKARI GRAHAK BHANDAR LTD., 345.00   621.388 GUL EWP-12424 24/02/2023 1 24/02/2023 Book